000 00633nam a2200181Ia 4500
008 151202s9999||||xx |||||||||||||| ||und||
082 _bPNVM-45700
100 _aकडवाडकर वत्सलाबाई.
245 _aसार्थक.
260 _b"महर्षीकर्वे स्त्री शिक्षण संस्था,पुणे."
260 _c2004
300 _a107
600 _aकडवाडकर वत्सलाबाई.
630 _aसार्थक.
700 _aकडवाडकर वत्सलाबाई.
730 _aसार्थक.
942 _cBOOK
999 _c1311651
_d1311648